[Event "ZMDI Open 2018"]
[Site "Dresden"]
[Date "2018.08.04"]
[Round "4.1"]
[White "Li, Chao b"]
[Black "Papp, Gabor"]
[Result "1/2-1/2"]
[WhiteElo "2714"]
[BlackElo "2597"]
[Annotator "TA"]
[PlyCount "81"]
[EventDate "2018.08.04"]
[EventType "swiss"]
[EventCountry "GER"]
[SourceTitle "playchess.com"]
[Source "ChessBase"]
[SourceQuality "1"]

{[%evp 17,81,0,14,0,0,0,0,0,0,13,11,6,5,-18,-25,-37,-29,-61,4,4,16,4,4,4,4,4,4,4,4,4,4,4,7,0,0,0,0,0,0,0,0,0,0,0,0,0,0,0,0,0,0,0,0,0,0,0,0,0,0,0,0,0,0,0,0,0]} 1. d4 Nf6 2. c4 e6 3. g3 d5 4. Bg2 Be7 5. Nf3 O-O 6. Qc2 c5 7. O-O cxd4 8. Nxd4 {E06: Closed Catalan: Early deviations} Na6 9. cxd5 Nb4 {LiveBook: 7 Games} 10. Qd1 (10. Qb3 e5 11. Nb5 Nbxd5 12. N1c3 Be6 13. Nxd5 Bxd5 14. Bxd5 Qxd5 15. Bg5 Qxb3 16. axb3 {½-½ (46) Carlsen,M (2834)-Wei,Y (2743) Wijk aan Zee 2018}) 10... e5 11. Nf3 Qxd5 $146 ({Predecessor:} 11... e4 12. Ng5 e3 13. Nc3 exf2+ 14. Kh1 h6 15. a3 hxg5 16. axb4 {½-½ (50) Khismatullin,D (2654)-Bukavshin,I (2657) Khanty-Mansiysk 2015}) 12. Nc3 Qa5 13. a3 Rd8 14. Bd2 Nc6 15. Qb3 h6 16. e4 Qa6 17. Nd5 {[#] Strongly threatening Nc7.} Nxd5 (17... Be6 $15 18. Nxe7+ Nxe7) 18. exd5 $11 {The position is equal.} e4 19. dxc6 {aiming for Ne5.} exf3 20. Bxf3 {[%cal Rc6b7]} Rxd2 21. cxb7 Bxb7 22. Bxb7 Rb8 $132 {[%mdl 2048] Black is not keeping still} 23. Qxf7+ Kxf7 24. Bxa6 {White wants to play Bc4+.} Rbxb2 25. Rad1 Bxa3 26. Rxd2 Rxd2 {[%mdl 4096] Endgame KRB-KRB} 27. Re1 Bc5 (27... Kf6 {is interesting.} 28. Re2 Rd6 29. Bb5 a6 30. Be8 g5) 28. Re2 Rxe2 (28... Rd6 {feels hotter.} 29. Bb5 Rb6 30. Be8+ Kf6 31. Kg2 Rb4) 29. Bxe2 {KB-KB} Ke6 30. Ba6 Ke5 31. Kf1 Kd4 32. Ke2 Be7 33. h4 Bf6 34. h5 Kc5 35. Kd3 Bd4 36. f3 Bf2 37. g4 Bd4 38. Kc2 Be3 39. Kd3 Bg5 40. Kc2 Be3 41. Kd3 {Precision: White = 68%, Black = 81%.} 1/2-1/2

[Event "ZMDI Open 2018"]
[Site "Dresden"]
[Date "2018.08.04"]
[Round "4.2"]
[White "Parvanyan, Ashot"]
[Black "Onischuk, Vladimir"]
[Result "1/2-1/2"]
[WhiteElo "2430"]
[BlackElo "2627"]
[Annotator "TA"]
[PlyCount "106"]
[EventDate "2018.08.04"]
[EventType "swiss"]
[EventCountry "GER"]
[SourceTitle "playchess.com"]
[Source "ChessBase"]
[SourceQuality "1"]

{[%evp 19,106,16,57,26,53,55,72,63,69,60,74,67,54,59,64,62,70,49,77,88,73,54,39,0,0,-25,-23,-14,-32,-18,-18,-27,-26,-33,-13,-44,-45,-36,-36,-56,-41,-47,0,0,0,-25,-18,-28,-29,-17,-20,-10,0,-5,-5,-27,-8,-8,-8,-7,0,0,0,0,0,0,0,0,0,-39,-39,-32,-8,-8,0,0,0,0,0,0,0,0,0,0,0,0,0,0,0]} 1. d4 d6 2. e4 Nf6 {[%cal Bg8f6,Bf6d7,Bd7b6,Bb6c4][%mdl 32]} 3. Nc3 g6 4. f4 Bg7 5. Nf3 O-O 6. e5 dxe5 7. fxe5 Nfd7 8. Bc4 Nb6 9. Bb3 {B09: Pirc Defence: Austrian Attack} Nc6 10. O-O Na5 {LiveBook: 5 Games} 11. Be3 {White is slightly better.} (11. h3 Nxb3 12. axb3 f6 13. Qe2 c6 14. Ne4 fxe5 15. dxe5 Nd5 16. c4 Nf4 17. Bxf4 Rxf4 {½-½ (37) Artemiev,V (2674)-Petrosian,T (2607) Moscow 2016}) 11... Nbc4 12. Bf2 c5 $146 {[#]} ({Predecessor:} 12... Bf5 13. Qe2 Nb6 14. Ne4 Nxb3 15. axb3 Nd5 16. Nh4 Bc8 {½-½ (38) Chiriffe,R (1808)-Tarmak,M (2033) LSS email 2012}) 13. Qe2 $1 cxd4 14. Rad1 Be6 15. Rxd4 Qc8 16. Nd5 Bxd5 $1 17. Rxd5 {[#] Rc5 is the strong threat.} b6 18. c3 e6 19. Rd4 {[%cal Rb3c4]} b5 20. Bxc4 Nxc4 21. b3 Nb6 22. Qxb5 Qxc3 23. Rd3 Qc2 {aiming for ...a6.} 24. Rd2 Qe4 25. Re1 Qb7 26. Bc5 Rfd8 27. Red1 Rxd2 28. Rxd2 Bh6 29. Rd1 Qe4 (29... Qc7 {is interesting.} 30. Bxb6 axb6 31. a4 Kg7 32. Kf1 Rc8) 30. Qd3 Qxd3 (30... Qd5 {feels hotter.} 31. Bd4 Rc8 32. h4 Bf4 33. Qe2 Qc6) 31. Rxd3 Nd5 32. Nd2 Rc8 33. b4 a5 34. a3 axb4 35. axb4 Kg7 36. Ne4 Bf4 37. Nd6 Ra8 {next ...Ra1+ is good for Black.} 38. Rf3 Ra1+ 39. Kf2 Ra2+ 40. Kf1 g5 41. g3 Bxe5 42. Rxf7+ Kg6 43. Rf2 Ra1+ 44. Ke2 Bxd6 45. Bxd6 $15 {[%mdl 4096] Endgame KRB-KRN} Rb1 46. g4 {The position is equal.} Rb2+ 47. Kf3 Rb3+ 48. Ke4 Nxb4 49. Rf8 {Strongly threatening Rg8+.} Nd5 {Hoping for ...Nf6+.} 50. Be5 Rb4+ 51. Kf3 Rb3+ 52. Ke4 Rb4+ 53. Kf3 Rb3+ {Precision: White = 59%, Black = 49%.} 1/2-1/2

[Event "ZMDI Open 2018"]
[Site "Dresden"]
[Date "2018.08.04"]
[Round "4.3"]
[White "Lubbe, Nikolas"]
[Black "Romanov, Evgeny"]
[Result "1/2-1/2"]
[WhiteElo "2452"]
[BlackElo "2628"]
[Annotator "TA"]
[PlyCount "82"]
[EventDate "2018.08.04"]
[EventType "swiss"]
[EventCountry "GER"]
[SourceTitle "playchess.com"]
[Source "ChessBase"]
[SourceQuality "1"]

{[%evp 32,82,34,31,47,23,41,44,53,22,30,19,35,30,38,0,15,13,13,0,0,0,0,0,0,0,0,0,0,0,0,0,0,0,0,0,0,0,0,0,0,0,0,0,0,0,0,0,0,0,0,0,0]} 1. d4 d5 2. Nf3 Nf6 3. c4 c6 4. Nc3 dxc4 5. a4 Bf5 6. e3 e6 7. Bxc4 Bb4 8. O-O O-O 9. Qe2 Bg6 10. Ne5 Nbd7 11. Nxg6 hxg6 12. Rd1 Qe7 13. e4 {D19: Slav Defence: 5 a4 Bf5 6 e3: Main line with 9 Qe2} e5 14. d5 Nb6 15. Bb3 cxd5 16. a5 d4 17. axb6 {[#] LiveBook: 4 Games. Hoping for Nd5.} dxc3 18. bxc3 Bc5 19. bxa7 Rxa7 20. Rxa7 Bxa7 {[#]} 21. Bg5 $146 ({Predecessor:} 21. h3 Bc5 22. Bg5 b6 23. g3 Rd8 24. Ra1 Qb7 25. Bxf6 gxf6 26. Bd5 {½-½ (26) Peralta,F (2565)-Andriasian,Z (2615) La Roda 2017}) 21... Qc7 22. Bxf6 gxf6 23. Qa2 Bb6 {The position is equal.} 24. Rd3 Kg7 25. g3 f5 26. Qe2 {[#] aiming for exf5.} fxe4 27. Qxe4 Bxf2+ 28. Kxf2 {Threatens to win with Kg2.} Qb6+ 29. Kg2 Qxb3 30. Qxe5+ $11 {[%mdl 4096] Endgame KQR-KQR} Kg8 31. Rd2 Qc4 32. h4 Qc6+ 33. Kh2 Re8 34. Qd4 Re1 {[%csl Gc6][%cal Re1h1]} 35. Qd8+ Kh7 {[%csl Gc6][%cal Re1h1]} 36. Qd5 Qxd5 37. Rxd5 Rc1 38. Rd7 Kg7 39. Rxb7 Rxc3 40. Kg2 Ra3 41. Rc7 Rb3 {Precision: White = 73%, Black = 81%.} 1/2-1/2

[Event "ZMDI Open 2018"]
[Site "Dresden"]
[Date "2018.08.04"]
[Round "4.4"]
[White "Heimann, Andreas"]
[Black "Li, Di"]
[Result "1-0"]
[WhiteElo "2590"]
[BlackElo "2441"]
[Annotator "TA"]
[PlyCount "85"]
[EventDate "2018.08.04"]
[EventType "swiss"]
[EventCountry "GER"]
[SourceTitle "playchess.com"]
[Source "ChessBase"]
[SourceQuality "1"]

{[%evp 20,85,33,18,60,48,51,60,84,89,86,74,133,108,139,106,105,49,62,6,52,43,78,55,50,47,108,80,92,76,89,44,43,38,58,49,50,52,65,30,44,37,131,148,199,19,270,264,439,297,321,315,287,64,64,68,68,71,348,345,344,337,344,344,332,311,331,307]} 1. e4 e5 2. Nf3 Nf6 3. Nxe5 d6 4. Nf3 Nxe4 5. Nc3 Nxc3 6. dxc3 Be7 7. Be3 Nc6 8. Qd2 Be6 9. O-O-O {C42: Petroff Defence: 3 Nxe5 and unusual White 3rd moves} Qd7 10. Kb1 Bf6 11. Be2 {LiveBook: 6 Games. White is slightly better.} Rg8 $146 ({Predecessor:} 11... O-O-O 12. Nd4 Bxd4 13. cxd4 d5 14. Bf4 h5 15. Bb5 a6 16. Bxc6 Qxc6 {½-½ (52) Kovalev,V (2595)-Wang,H (2678) Subic Bay 2016}) 12. Nd4 Nxd4 13. Bxd4 Qa4 14. b3 Qa3 15. Bd3 a5 ({Black should play} 15... h5) 16. Rhe1 Kd7 17. Bxf6 gxf6 18. f4 ({White should try} 18. Bxh7 $16 Rxg2 19. Be4 Rxh2 20. Bxb7) 18... f5 $14 19. Qe2 (19. Re3 $14) 19... Qc5 20. a4 c6 21. Kb2 Kc7 22. g3 Rab8 (22... b5 $14) 23. Ra1 Rg4 24. Qg2 Rh8 25. Qh3 h5 $1 26. Be2 Rg6 27. Qh4 d5 28. Bd3 d4 29. c4 $1 {[%cal Bc3c4,Bc4b5][%mdl 32] Threatens to win with Re5.} Qb4 30. Re5 Qc3+ ({Better is} 30... Rhh6 $14) 31. Ka2 $16 Re8 {[#]} (31... Rgg8 $16 {was called for.} 32. Rd1 Re8) 32. Rd1 $2 (32. Bxf5 Bxf5 33. Rxe8 Qxc2+ 34. Ka3 f6 $14) (32. Qxh5 b5) (32. Rb1 $1 $18) 32... b5 $2 {[%mdl 8192]} (32... f6 $1 $11 {and Black is okay.} 33. Rxe6 (33. Qxh5 fxe5 34. Qxg6 e4 $11) 33... Rxe6) 33. cxb5 $18 (33. axb5 a4 $17) 33... Qb4 $2 (33... cxb5 34. Rxb5 Bd7) 34. Qxh5 Qxa4+ {[#]} 35. Kb2 $1 ({Don't take} 35. Kb1 $6 Qb4 $18) 35... Qb4 36. Qe2 $2 (36. Bxf5 $18 a4 37. Qf3 (37. Bxg6 Qc3+ 38. Kc1 a3 $16) 37... Bxf5 38. Rxe8) 36... Qc3+ $1 $14 37. Kb1 a4 $1 {[%cal Ra4a3] ( -> ...a3)} 38. Qd2 {And now Qxc3 would win.} ({Not} 38. bxa4 Ra8 $17) 38... cxb5 $2 {[%mdl 8192]} (38... axb3 $16 {was worth a try.} 39. Qxc3 (39. Bxf5 Bxf5 40. Qxc3 dxc3 $19) 39... dxc3) 39. Bxb5 $18 {White has a decisive advantage.} Qxd2 40. Rxd2 Rd8 41. Bxa4 Rh6 42. Bb5 Kb6 43. Bd3 {Precision: White = 54%, Black = 34%.} 1-0

[Event "ZMDI Open 2018"]
[Site "Dresden"]
[Date "2018.08.04"]
[Round "4.5"]
[White "Kovchan, Alexander"]
[Black "Souleidis, Georgios"]
[Result "1/2-1/2"]
[WhiteElo "2566"]
[BlackElo "2429"]
[Annotator "ChessBase"]
[PlyCount "83"]
[EventDate "2018.08.04"]
[EventType "swiss"]
[EventCountry "GER"]
[SourceTitle "playchess.com"]
[Source "ChessBase"]
[SourceQuality "1"]
[TimeControl "40/5400+30:1800+30"]

1. e4 {[%emt 1:30:26]} e5 {[%emt 1:30:16]} 2. Nf3 {[%emt 1:30:40]} Nc6 {[%emt 1:30:42]} 3. Bb5 {[%emt 1:31:00]} a6 {[%emt 1:31:06]} 4. Ba4 {[%emt 1:31:21]} b5 {[%emt 1:31:22]} 5. Bb3 {[%emt 1:31:41]} Na5 {[%emt 1:31:43]} 6. d4 {[%emt 1:25:06]} exd4 {[%emt 1:30:50]} 7. Qxd4 {[%emt 1:24:39]} Bb7 {[%emt 1:25:47]} 8. Bg5 {[%emt 0:58:57]} f6 {[%emt 1:15:33]} 9. Bd2 {[%emt 0:50:22]} c5 {[%emt 1:06:52]} 10. Qc3 {[%emt 0:50:27]} c4 {[%emt 0:56:10]} 11. Qxa5 {[%emt 0:50:42]} Qxa5 {[%emt 0:56:36]} 12. Bxa5 {[%emt 0:51:06]} cxb3 {[%emt 0:56:47]} 13. axb3 {[%emt 0:51:29]} Bxe4 {[%emt 0:57:10]} 14. c4 {[%emt 0:34:39]} Ne7 {[%emt 0:47:25]} 15. Nbd2 {[%emt 0:34:04]} Bb7 {[%emt 0:41:29]} 16. O-O {[%emt 0:28:22]} Nc6 {[%emt 0:41:55]} 17. Bb6 {[%emt 0:28:26]} Kf7 {[%emt 0:36:39]} 18. Rfd1 {[%emt 0:28:39]} Nb4 {[%emt 0:22:45]} 19. Nf1 {[%emt 0:26:05]} Bxf3 {[%emt 0:17:44]} 20. gxf3 {[%emt 0:26:17]} Rb8 {[%emt 0:17:51]} 21. Ba5 {[%emt 0:17:10]} bxc4 {[%emt 0:16:57]} 22. bxc4 {[%emt 0:17:23]} Rb7 {[%emt 0:14:02]} 23. Bxb4 {[%emt 0:16:16]} Bxb4 {[%emt 0:14:29]} 24. Rxa6 {[%emt 0:16:38]} Rc8 {[%emt 0:13:57]} 25. b3 {[%emt 0:16:12]} d6 {[%emt 0:12:53]} 26. Rd3 {[%emt 0:15:54]} Re8 {[%emt 0:11:49]} 27. Ng3 {[%emt 0:11:06]} Re1+ {[%emt 0:11:26]} 28. Kg2 {[%emt 0:11:34]} Rb1 {[%emt 0:10:56]} 29. Ne4 {[%emt 0:07:52]} Kg6 {[%emt 0:11:24]} 30. f4 {[%emt 0:02:12]} Bc5 {[%emt 0:10:50]} 31. Nd2 {[%emt 0:02:27]} Rb2 {[%emt 0:08:34]} 32. Rd5 {[%emt 0:01:53]} Re7 {[%emt 0:07:57]} 33. f5+ {[%emt 0:02:00]} Kh6 {[%emt 0:07:16]} 34. Kf3 {[%emt 0:01:17]} Bb4 {[%emt 0:04:58]} 35. Ne4 {[%emt 0:01:39]} Rxb3+ {[%emt 0:05:24]} 36. Kf4 {[%emt 0:02:07]} Rh3 {[%emt 0:05:23]} 37. Nxd6 {[%emt 0:01:21]} Bxd6+ {[%emt 0:01:43]} 38. Raxd6 {[%emt 0:01:49]} Rh4+ {[%emt 0:02:06]} 39. Kg3 {[%emt 0:02:13]} Rxc4 {[%emt 0:02:33]} 40. Rd4 {[%emt 0:01:30]} Rxd4 {[%emt 0:02:05]} 41. Rxd4 {[%emt 0:01:29]} Kg5 {[%emt 0:28:37]} 42. Rf4 {[%emt 0:31:30]} 1/2-1/2

[Event "ZMDI Open 2018"]
[Site "Dresden"]
[Date "2018.08.04"]
[Round "4.6"]
[White "Bruedigam, Martin"]
[Black "Vaibhav, Suri"]
[Result "1/2-1/2"]
[WhiteElo "2387"]
[BlackElo "2561"]
[Annotator "ChessBase"]
[PlyCount "68"]
[EventDate "2018.08.04"]
[EventType "swiss"]
[EventCountry "GER"]
[SourceTitle "playchess.com"]
[Source "ChessBase"]
[SourceQuality "1"]
[TimeControl "40/5400+30:1800+30"]

1. e4 {[%emt 1:30:23]} e6 {[%emt 1:30:10]} 2. d4 {[%emt 1:30:47]} d5 {[%emt 1:31:13]} 3. Nd2 {[%emt 1:31:13]} c5 {[%emt 1:31:00]} 4. exd5 {[%emt 1:31:38]} Qxd5 {[%emt 1:31:26]} 5. Ngf3 {[%emt 1:32:01]} cxd4 {[%emt 1:31:46]} 6. Bc4 {[%emt 1:32:24]} Qd8 {[%emt 1:31:53]} 7. O-O {[%emt 1:31:59]} Nc6 {[%emt 1:32:04]} 8. Nb3 {[%emt 1:32:06]} a6 {[%emt 1:32:09]} 9. a4 {[%emt 1:26:07]} Nf6 {[%emt 1:30:44]} 10. Qe2 {[%emt 1:26:09]} Bd6 {[%emt 1:30:03]} 11. Rd1 {[%emt 1:26:31]} e5 {[%emt 1:29:30]} 12. Nbxd4 {[%emt 1:26:45]} Nxd4 {[%emt 1:29:53]} 13. Rxd4 {[%emt 1:27:09]} Qe7 {[%emt 1:30:11]} 14. Rxd6 {[%emt 1:17:49]} Qxd6 {[%emt 1:30:35]} 15. b3 {[%emt 1:18:15]} Be6 {[%emt 1:30:59]} 16. Ba3 {[%emt 1:04:57]} Bxc4 {[%emt 1:31:22]} 17. Qxc4 {[%emt 1:03:58]} Qd5 {[%emt 1:13:10]} 18. Qxd5 {[%emt 0:44:34]} Nxd5 {[%emt 1:13:32]} 19. Nxe5 {[%emt 0:45:01]} b5 {[%emt 0:50:22]} 20. Re1 {[%emt 0:29:51]} b4 {[%emt 0:50:27]} 21. Nd3+ {[%emt 0:29:26]} Kd7 {[%emt 0:47:09]} 22. Nxb4 {[%emt 0:29:46]} Nxb4 {[%emt 0:45:23]} 23. Bxb4 {[%emt 0:30:11]} a5 {[%emt 0:41:55]} 24. Bc3 {[%emt 0:21:10]} Rhc8 {[%emt 0:32:25]} 25. Re3 {[%emt 0:21:28]} f6 {[%emt 0:25:50]} 26. h4 {[%emt 0:20:19]} Rc5 {[%emt 0:24:17]} 27. g3 {[%emt 0:16:52]} Rac8 {[%emt 0:18:25]} 28. Rd3+ {[%emt 0:16:09]} Ke6 {[%emt 0:13:47]} 29. Re3+ {[%emt 0:13:17]} Kd6 {[%emt 0:12:42]} 30. Rd3+ {[%emt 0:10:52]} Ke6 {[%emt 0:10:17]} 31. Re3+ {[%emt 0:11:17]} Kd6 {[%emt 0:04:54]} 32. Rd3+ {[%emt 0:11:42]} Ke6 33. Rd7 Rb5 34. axb5 a4 1/2-1/2

[Event "ZMDI Open 2018"]
[Site "Dresden"]
[Date "2018.08.08"]
[Round "5.1"]
[White "Heimann, Andreas"]
[Black "Li, Chao b"]
[Result "0-1"]
[WhiteElo "2590"]
[BlackElo "2714"]
[Annotator "TA"]
[PlyCount "33"]
[EventDate "2018.08.04"]
[EventType "swiss"]
[EventCountry "GER"]
[SourceTitle "playchess.com"]
[Source "ChessBase"]
[SourceQuality "1"]

{[%evp 18,33,15,14,18,12,14,8,20,19,21,22,23,0,22,0,21,0]} 1. e4 c6 2. Nc3 d5 3. Nf3 dxe4 4. Nxe4 Nf6 5. Nxf6+ exf6 6. Bc4 Bd6 7. Qe2+ Qe7 8. Qxe7+ {B11: Caro-Kann: Two Knights Variation} Kxe7 9. O-O {[%cal Bh1f1,Bf1e1,Be1e2][%mdl 32]} Rd8 10. d4 {LiveBook: 4 Games} Bf5 (10... Bg4 11. Nd2 Kf8 12. c3 Bf5 13. Re1 Nd7 14. Ne4 Be7 15. Ng3 Bg6 {0-1 (69) Karjakin,S (2785)-Nakamura,H (2779) Doha 2016}) 11. c3 Kf8 12. Re1 Nd7 $146 ({Predecessor:} 12... g5 13. Bf1 Nd7 14. Bd2 Re8 15. c4 Be4 {1-0 (51) Liang,A (2488)-Paikidze,N (2372) Saint Louis 2017}) 13. Nh4 Bc2 14. Re2 Bd1 15. Re1 Bc2 16. Re2 Bd1 $1 {[%cal Rd1e2]} 17. Re1 {[%mdl 32768] Loss on Time!?} 0-1

[Event "ZMDI Open 2018"]
[Site "Dresden"]
[Date "2018.08.08"]
[Round "5.2"]
[White "Papp, Gabor"]
[Black "Parvanyan, Ashot"]
[Result "1/2-1/2"]
[WhiteElo "2597"]
[BlackElo "2430"]
[Annotator "TA"]
[PlyCount "143"]
[EventDate "2018.08.04"]
[EventType "swiss"]
[EventCountry "GER"]
[SourceTitle "playchess.com"]
[Source "ChessBase"]
[SourceQuality "1"]

{[%evp 13,143,-6,0,0,19,0,0,0,8,12,27,23,16,18,24,15,24,24,56,37,60,77,75,62,59,61,62,74,122,126,122,132,127,129,132,124,123,96,95,83,83,78,90,51,61,26,29,35,78,72,88,54,56,12,12,8,13,20,43,8,9,5,8,8,8,8,8,8,8,9,16,0,0,0,0,0,0,4,3,0,94,94,96,82,87,0,16,0,8,0,0,0,0,0,24,0,6,0,0,0,0,0,0,0,0,0,0,0,0,0,0,0,0,0,0,0,0,0,0,0,0,0,0,0,0,0,0,0,0,0,0,0]} 1. d4 Nf6 2. Bf4 g6 3. Nc3 d5 4. e3 Bg7 5. h4 h5 6. Nf3 {A45: Trompowsky Attack} O-O 7. Be2 c5 {LiveBook: 11 Games} 8. dxc5 Qa5 9. O-O Qxc5 10. Nb5 Na6 $146 ({Predecessor:} 10... a6 11. Nc7 {½-½ (42) Naiditsch,A (2702)-Carlsen,M (2838) Karlsruhe/Baden-Baden 2017}) 11. Be5 Ng4 12. Bd4 Bxd4 13. exd4 Qb6 14. a4 Bf5 15. Ne5 $36 {[%mdl 2048] White has the initiative.} Qe6 16. Bxg4 Bxg4 17. Nxg4 Qxg4 18. Qxg4 hxg4 19. Rfe1 e6 20. c3 $1 g3 21. fxg3 Rfe8 22. g4 Re7 23. g5 Kg7 24. g3 Nb8 25. Kg2 Nc6 26. Re2 a6 {[#]} 27. Na3 $1 b5 28. axb5 (28. Nc2 {is interesting.} b4 29. Nxb4 Nxb4 30. cxb4 Rc7 31. Ra3) 28... axb5 29. Nc2 Rxa1 30. Nxa1 $11 {[%mdl 4096] Endgame KRN-KRN} Ra7 31. Nc2 Ra2 32. Ne1 b4 33. Kf2 (33. Rc2 {seems wilder.} bxc3 34. bxc3 Ra4 35. Nd3 Ra3 36. Nc5) 33... bxc3 34. bxc3 Ra3 35. Rc2 Na5 36. Nd3 Nc4 37. Nc5 Nd6 38. Ke2 Nb5 39. Kd3 Ra1 40. Rb2 Nd6 41. Ke2 Rc1 42. Rb6 Nf5 43. Kd2 Rh1 44. Rb7 {Nxe6+ is the strong threat.} Kf8 45. Nd7+ Ke8 46. g4 Nxh4 (46... Rh2+ $11 {keeps the balance.} 47. Kc1 Nxh4) 47. Ne5 $16 Rf1 48. Ke2 Rf4 49. Nd7 (49. Rb2 $16) 49... Rf3 50. Nf6+ Kd8 $1 51. Rd7+ Kc8 52. Rxf7 {Black must now prevent Rh7.} Rxc3 53. Ng8 Rg3 54. Nh6 Ra3 {The position is equal.} 55. Kf2 {And now Rf6 would win.} Kd8 $1 56. Rh7 Ke8 57. Rh8+ Kd7 58. Ng8 Rh3 59. Nf6+ Kc6 60. Rh7 {Hoping for Nd7.} Kb5 61. Nd7 {Strongly threatening Ne5.} Kc4 62. Ne5+ Kxd4 {[#]} 63. Rxh4 $1 {[%mdl 512]} Rxh4 $11 {KR-KN} 64. Nf3+ Ke4 65. Nxh4 Kf4 66. Nxg6+ Kxg4 67. Nf4 {g6 would kill now.} Kxg5 ({Don't blunder} 67... Kxf4 $2 68. g6 $18) 68. Nxe6+ {KN-KP} Kf6 69. Nd4 Ke5 70. Ke3 Kd6 71. Nb3 d4+ 72. Nxd4 {Precision: White = 64%, Black = 72%.} 1/2-1/2

[Event "ZMDI Open 2018"]
[Site "Dresden"]
[Date "2018.08.08"]
[Round "5.3"]
[White "Romanov, Evgeny"]
[Black "Carow, Johannes"]
[Result "1-0"]
[WhiteElo "2628"]
[BlackElo "2445"]
[Annotator "TA"]
[PlyCount "89"]
[EventDate "2018.08.04"]
[EventType "swiss"]
[EventCountry "GER"]
[SourceTitle "playchess.com"]
[Source "ChessBase"]
[SourceQuality "1"]

{[%evp 18,89,49,53,66,53,58,49,66,58,52,50,60,55,59,66,54,66,61,52,77,66,72,54,80,14,49,0,39,37,37,29,37,37,37,36,83,86,87,88,94,86,85,41,62,61,63,78,193,191,188,168,176,180,184,187,191,172,576,572,530,551,2914,12219,2335,2198,12835,12835,12836,12836,12837,12836,29991,29992]} 1. d4 Nf6 2. Bg5 c5 3. Bxf6 gxf6 4. d5 Qb6 5. Qc1 f5 6. c4 d6 {A45: Trompowsky Attack} 7. Nc3 Nd7 8. e3 Bg7 9. Qc2 Nf6 (9... Ne5 10. Nh3 Bd7 11. Be2 Ng6 12. O-O O-O 13. Kh1 Qd8 14. Rad1 a6 {½-½ (61) Vitiugov,N (2734)-Hou,Y (2658) Belokurikha 2018}) 10. Bd3 {LiveBook: 19 Games} a6 11. Nge2 e6 12. O-O $146 ({Predecessor:} 12. Rb1 Qc7 13. Nf4 b5 14. cxb5 {½-½ (45) Solak,D (2568)-Palac,M (2571) Bled 2005}) 12... O-O 13. Rad1 Qc7 14. dxe6 fxe6 15. e4 {[%cal Re4f5]} Ng4 16. h3 Ne5 {Threatening ...f4.} 17. exf5 exf5 18. Nf4 Rb8 19. Be2 Nc6 20. Rfe1 Nd4 {[#]} 21. Qd3 ({White should try} 21. Qc1 $1 $16) 21... Be5 22. Nfd5 Qg7 {White should prevent ...f4.} 23. f4 Bf6 $1 24. Nxf6+ Rxf6 25. Bf3 Be6 26. Bd5 {Strongly threatening Bxe6+.} Bxd5 27. Nxd5 ({Worse is} 27. cxd5 Rg6 $17) 27... Rf7 28. Re3 $36 {[%mdl 2048] White has strong initiative.} Kh8 29. Kh2 Rg8 {[%csl Gg8][%cal Rg7g2]} 30. g3 (30. Rd2 {is interesting.} Qh6 31. b4 Nc6 32. a3 Qg7 33. Qb1) 30... b5 31. b4 Qf8 32. Qc3 Qg7 (32... h6 $16 {was necessary.}) 33. bxc5 $18 dxc5 34. cxb5 Nxb5 35. Qxc5 Qb2+ 36. Kh1 Rd7 37. Rde1 Nd4 $2 (37... Rdd8 {is tougher.} 38. a4 Nd6) 38. Ne7 Qb7+ {[#]} 39. Kg1 $1 Rxe7 40. Qxd4+ ({Not} 40. Qxe7 Qxe7 41. Rxe7 Nf3+ 42. Kg2 Nxe1+ 43. Rxe1 Rc8 $16) 40... Reg7 41. Re7 Qb5 42. h4 {[%cal Bh3h4,Bh4h5][%mdl 32]} Qa5 43. R1e6 Qd8 44. Qa1 {Threatening mate with h5.} a5 45. h5 {Precision: White = 79%, Black = 39%.} 1-0